000
00318nam a22001337a 4500
008
171031b xxu||||| |||| 00| 0 eng d
020
_a
9781591395027
041
_a
eng
080
_a
33
100
_a
59
101
_a
BUS
245
_a
HARVARD BUSINESS REVIEW ON TEAMS THAT SUCCEED
_c
KATZENBACH,J,R
942
_2
udc
_c
BK
999
_c
36891
_d
36891